Ekonómia a právo

Študijný program Ekonómia a právo, zaoberajúci sa vzťahom práva a ekonómie, ktorý Národohospodárska fakulta Ekonomickej univerzity v Bratislave a Právnická fakulta Unierzity Komenského v Bratislave poskytujú spoločne od akemického roku 2014/2015 v dennej aj externej forme.

Salvato in:
Dettagli Bibliografici
Autore principale: Gonda, Vladimír
Natura: Capitolo di libro
Lingua:slovacco
Soggetti:
Tags: Aggiungi Tag
Nessun Tag, puoi essere il primo ad aggiungerne!!

MARC

LEADER 00000naa$a2200000$$$4500
001 0215420
005 20240502083540.7
041 0 |a slo 
044 |a PL 
245 1 0 |a Ekonómia a právo  |c Vladimír Gonda 
520 |a Študijný program Ekonómia a právo, zaoberajúci sa vzťahom práva a ekonómie, ktorý Národohospodárska fakulta Ekonomickej univerzity v Bratislave a Právnická fakulta Unierzity Komenského v Bratislave poskytujú spoločne od akemického roku 2014/2015 v dennej aj externej forme. 
610 2 0 |a vzdelávanie vysokoškolské 
610 2 0 |a univerzity 
610 2 0 |a fakulty 
610 2 0 |a výučba vedecká 
610 2 0 |a štúdium vysokoškolské 
610 2 0 |a programy študijné 
610 2 0 |a ekonómia 
610 2 0 |a právo 
100 1 |a Gonda, Vladimír